<?xml version="1.0" encoding="UTF-8"?>
<record
    xmlns:xsi="http://www.w3.org/2001/XMLSchema-instance"
    xsi:schemaLocation="http://www.loc.gov/MARC21/slim http://www.loc.gov/standards/marcxml/schema/MARC21slim.xsd"
    xmlns="http://www.loc.gov/MARC21/slim">

  <leader>00654nab a2200169 i 4500</leader>
  <controlfield tag="001">190383</controlfield>
  <controlfield tag="003">ES-MaACL</controlfield>
  <controlfield tag="005">20250731034213.0</controlfield>
  <controlfield tag="008">210120s2012    sp            000 0 spa d</controlfield>
  <datafield tag="100" ind1="1" ind2=" ">
    <subfield code="a">Fl&#xF3;rez, Rafael,</subfield>
    <subfield code="d">1926-2019</subfield>
    <subfield code="9">51311</subfield>
  </datafield>
  <datafield tag="245" ind1="1" ind2="4">
    <subfield code="a">Los jen&#xED;zaros pisando por el Ateneo : </subfield>
    <subfield code="b">los 40 a&#xF1;os de secuestro franquista / </subfield>
    <subfield code="c">Rafael Fl&#xF3;rez.</subfield>
  </datafield>
  <datafield tag="610" ind1="2" ind2="4">
    <subfield code="a">Ateneo de Madrid-</subfield>
    <subfield code="v">Historia-</subfield>
    <subfield code="v">Relatos personales</subfield>
    <subfield code="9">1926</subfield>
  </datafield>
  <datafield tag="773" ind1="0" ind2=" ">
    <subfield code="t">Madrid hist&#xF3;rico, </subfield>
    <subfield code="d">Madrid : Madrid Hist&#xF3;rico,</subfield>
    <subfield code="x">ISSN 1885-5814,</subfield>
    <subfield code="g">N. 41, 2012,  p. 60-65</subfield>
    <subfield code="0">178443</subfield>
    <subfield code="9">185303</subfield>
    <subfield code="w">178443</subfield>
  </datafield>
  <datafield tag="942" ind1=" " ind2=" ">
    <subfield code="c">ANAB</subfield>
    <subfield code="2">udc</subfield>
  </datafield>
  <datafield tag="999" ind1=" " ind2=" ">
    <subfield code="c">190383</subfield>
    <subfield code="d">190383</subfield>
  </datafield>
</record>
